Insurans motor : perlindungan kepada pengambil insurans dan pihak ketiga /
Saved in:
| Main Author: | |
|---|---|
| Format: | Thesis Book |
| Language: | English |
| Published: |
1995.
|
| Subjects: | |
| Online Access: | http://studentsrepo.um.edu.my/id/eprint/7627 |
| Tags: |
Add Tag
No Tags, Be the first to tag this record!
|
| LEADER | 01265cam a2200337 a 4500 | ||
|---|---|---|---|
| 001 | u31037 | ||
| 003 | SIRSI | ||
| 008 | 830517s1995 my t 00 0 eng m | ||
| 035 | |a AAD-3491 | ||
| 040 | |a UMU | ||
| 043 | |a a-my--- | ||
| 090 | |a HG9343 |b M42Bado | ||
| 091 | |a Microfiche 13618. | ||
| 092 | |a K668 |b Bado |d CS | ||
| 100 | 0 | 0 | |a Baduyah Obeng. |
| 245 | 1 | 0 | |a Insurans motor : |b perlindungan kepada pengambil insurans dan pihak ketiga / |c oleh Baduyah bt Obeng. |
| 260 | |c 1995. | ||
| 300 | |a 1 v. in various pagings ; |c 30 cm. | ||
| 500 | |a PUU. | ||
| 500 | |a PPZ. | ||
| 500 | |a Microfiche. Kuala Lumpur : University of Malaya Library, 1998. 4 fiches : negative ; 11 x 15 cm. | ||
| 502 | |a Dissertation (LL.M) -- Fakulti Undang-Undang, Universiti Malaya, 1996. | ||
| 504 | |a Bibliography: p. 280-285. | ||
| 650 | 0 | |a Insurance, Accident |z Malaysia. | |
| 650 | 0 | |a Insurance, Automobile |z Malaysia. | |
| 710 | 2 | 0 | |a Universiti Malaya. |b Fakulti Undang-Undang. |
| 856 | 4 | 1 | |u http://studentsrepo.um.edu.my/id/eprint/7627 |
| 948 | |a 16/03/1991 |b 24/03/2004 | ||
| 596 | |a 1 4 | ||
| 999 | |a F HG9343 M42BADO |w LC |c 1 |i A506426442 |d 17/1/2002 |l STACKS |m P01UTAMA |n 17 |r Y |s Y |t TESIS |u 28/12/1996 | ||
| 999 | |a K668 BADO |w LACLL |c 1 |i A504739402 |l RESTRICTED |m P04UNDANG |r N |s Y |t TESIS |u 3/10/1996 | ||
